| 000 | 00393nam a2200169Ia 4500 | ||
|---|---|---|---|
| 008 | 230524s9999 xx 000 0 und d | ||
| 020 | _a9788183711746 | ||
| 082 | _bRAM | ||
| 100 |
_aA.Ramasatish _942713 |
||
| 245 | 0 | _aUnix Programming | |
| 250 | _a1 | ||
| 260 |
_aNew Delhi _bPearson _c2009 |
||
| 300 | _a"1-1,1-3p;" | ||
| 500 | _aQuantity Number: 1 | ||
| 650 | _aComp-Sc | ||
| 942 | _cBK | ||
| 999 |
_c57698 _d57698 |
||